Statistiques concernant Incollable #13 - Maths-Français

Cliquez ici pour prendre le quiz!

Statistiques générales

  • Ce quiz a été pris 832 fois
  • Le résultat moyen est 9 sur 12

Statistiques - réponses

NiveauxQuestionsRéponses% Correct
CPTim, Agathe et Arthur comptent les doigts de leurs mains. Combien en ont-ils en tout ?30
100%
CE1Dans le dictionnaire ou le lexique, à quelle lettre cherche-t-on le mot « chien » ?C
99%
CE2Quel est le double de 17 ?34
98%
CM1Le téléphone a été conçu 201 ans après la montre, qui date de 1675. En quelle année a-t-il été inventé ?En 1876
97%
CE2Quel verbe est de la même famille que l’adjectif « rouge » ?Rougir | Rougeoyer
90%
CollègeQue signifie le préfixe « micro » ?Petit (provient du grec mikros qui veut dire petit)
88%
CM2Quel préfixe doit-on ajouter à l’adjectif « dérapant » pour exprimer son contraire ?Anti (antidérapant)
87%
CM2Un mur vaut 1,75 m de haut. On le rehausse de 500 mm. Quelle est sa hauteur ?2,25 mètres
80%
CollègeCombien vaut 777/3 ?259
58%
CM1Comment appelle-t-on la personne qui envoie une lettre ?L’expéditeur
48%
LycéeComment écrit-on 555 en chiffres romains ?DLV
33%
LycéeQuel mot désigne: « une strophe ou un poème de neuf vers » ?Un neuvain
13%

Distribution des résultats

Percentile par nombre de réponses

% des personnes avec chaque résultat

Votre développement - résultats

Vous n’avez pas pris ce quiz